Famous Football Players Picture Quiz - Argentina - Statistics

General Stats
  • This quiz has been taken 1,269 times
  • The average score is 11 of 15
Answer Stats
Picture Answer % Correct
Diego Maradona
99%
Lionel Messi
99%
Ángel Di María
95%
Sergio Agüero
95%
Javier Mascherano
84%
Carlos Tevez
83%
Javier Zanetti
73%
Juan Sebastián Verón
72%
Hernán Crespo
68%
Alfredo Di Stéfano
65%
Diego Simeone
64%
Gabriel Batistuta
59%
Juan Román Riquelme
57%
Mario Kempes
34%
Claudio Caniggia
23%
No matching quizzes found
Score Distribution
Percent of People with Each Score
Percentile by Number Answered
Your Score History
You have not taken this quiz